[Event "SVM_Verbandsliga_Nord_2023-24"]
[Site "?"]
[Date "2023.12.10"]
[Round "4.7"]
[White "Strack, Luka"]
[Black "Kröger, Sven"]
[Result "1-0"]
[WhiteElo "1650"]
[BlackElo "1601"]
[PlyCount "147"]
[EventDate "2023.12.10"]
[WhiteTeam "Pulheimer SC 1"]
[BlackTeam "Lasker Köln 3"]

1. e4 d6 2. Bc4 Nf6 3. d3 e5 4. f4 Be7 5. Nf3 Bg4 6. h3 Bxf3 7. Qxf3 Nc6 8. c3
Qd7 9. g4 g6 10. Nd2 exf4 11. d4 Na5 12. Bd3 Nc6 13. Qxf4 O-O-O 14. Nf3 h6 15.
Bb5 a6 16. Ba4 b5 17. Bc2 Rde8 18. Bd2 Bd8 19. O-O-O g5 20. Qe3 Nd5 21. Qf2 Nb6
22. e5 Kb8 23. Bf5 Qe7 24. Rhe1 d5 25. Re2 Nc4 26. Qg2 Qf8 27. Ne1 Nb6 28. Nd3
Be7 29. Rf1 Rd8 30. Bg6 f6 31. exf6 Bd6 32. Ne5 Nxe5 33. dxe5 Ba3 34. e6 Bxb2+
35. Kc2 Qa3 36. Rb1 Nc4 37. e7 Qxa2 38. exd8=Q+ Rxd8 39. Kd1 d4 40. Ke1 d3 41.
Bxd3 Rxd3 42. Re8+ Ka7 43. Qa8+ Kb6 44. Re6+ Rd6 45. Rxd6+ Nxd6 46. Rxb2 Qxb2
47. Qd5 Qb1+ 48. Ke2 Ne4 49. Qe5 Nd6 50. Qe6 Qg6 51. Qd5 Qf7 52. Be3+ Ka5 53.
Qc5 Qc4+ 54. Qxc4 bxc4 55. Bc5 Nf7 56. Ke3 Kb5 57. Kd4 Kc6 58. Be7 a5 59. Kxc4
Kd7 60. Kb5 Ne5 61. Bf8 Nf7 62. Kxa5 Ke6 63. Be7 Nd6 64. Ka6 Nf7 65. c4 c6 66.
Kb7 Ne5 67. c5 Kd7 68. Bd6 Nf7 69. Bf8 Nd8+ 70. Kb6 Nf7 71. Bg7 Ne5 72. Bxh6
Nf7 73. Bxg5 Nxg5 74. h4 1-0

[Event "SVM_Verbandsliga_Nord_2023-24"]
[Site "?"]
[Date "2023.12.10"]
[Round "4.8"]
[White "Niebel, Guido"]
[Black "Kreutz, Daniel"]
[Result "0-1"]
[WhiteElo "1603"]
[BlackElo "1652"]
[PlyCount "124"]
[EventDate "2023.12.10"]
[WhiteTeam "Lasker Köln 3"]
[BlackTeam "Pulheimer SC 1"]

1. d4 d5 2. Nc3 c6 3. Bf4 Bf5 4. f3 Nf6 5. g4 Bg6 6. h4 h6 7. e3 e6 8. Bd3 Bxd3
9. cxd3 Bd6 10. Nge2 Bxf4 11. Nxf4 Qb6 12. Qe2 Nbd7 13. Kf2 e5 14. dxe5 Nxe5
15. d4 Nc4 16. b3 Nd6 17. Rac1 Nd7 18. Ncxd5 cxd5 19. Nxd5 Qa5 20. Nc7+ Ke7 21.
Nxa8 Rxa8 22. Rc2 f5 23. g5 Qd5 24. gxh6 gxh6 25. Rg1 Qf7 26. Ke1 Re8 27. Kd1
Kd8 28. Kc1 Qe7 29. Rc3 Qxh4 30. Kb2 Nf6 31. Rc5 Qxd4+ 32. exd4 Rxe2+ 33. Kb1
Rd2 34. Rg6 Ke7 35. Rxh6 Rxd4 36. Rc7+ Ke6 37. Rc3 Rd1+ 38. Kc2 Re1 39. Rd3
Re2+ 40. Rd2 Rxd2+ 41. Kxd2 Nf7 42. Rh1 Ke5 43. Rc1 Nd6 44. Ke2 Nd5 45. a3 Nb5
46. Kd3 Kf4 47. Kc4 Nbc3 48. Rh1 b6 49. Rh3 Ke3 50. a4 a5 51. Rh5 f4 52. Rh3
Kf2 53. Kd4 Kg2 54. Rh5 Kxf3 55. Ke5 Ke3 56. Rh3+ f3 57. Kd6 Ke2 58. Kc6 f2 59.
Rxc3 Nxc3 60. Kxb6 f1=Q 61. Kxa5 Qf5+ 62. Kb4 Nd5+ 0-1

[Event "SVM_Verbandsliga_Nord_2023-24"]
[Site "?"]
[Date "2024.01.14"]
[Round "5.1"]
[White "Hoffmann, Klaus-Peter"]
[Black "Görgens, Albert"]
[Result "1/2-1/2"]
[WhiteElo "2064"]
[BlackElo "2170"]
[PlyCount "34"]
[EventDate "2024.01.14"]
[SourceDate "2024.01.14"]
[WhiteTeam "SV KS Leverkusen 1"]
[BlackTeam "Pulheimer SC 1"]

1. Nf3 d5 2. g3 Nf6 3. Bg2 c6 4. O-O Bg4 5. c4 e6 6. cxd5 exd5 7. d3 Be7 8. Nc3
O-O 9. h3 Bxf3 10. Bxf3 Re8 11. Qb3 Qc8 12. Bg2 Nbd7 13. e4 Nc5 14. Qc2 Ne6 15.
Re1 Qd7 16. exd5 cxd5 17. Qb3 Rad8 {(=)} 1/2-1/2

[Event "SVM_Verbandsliga_Nord_2023-24"]
[Site "?"]
[Date "2024.01.14"]
[Round "5.2"]
[White "Bausch, Thomas"]
[Black "Wirtz, Frank"]
[Result "1-0"]
[WhiteElo "2071"]
[BlackElo "1936"]
[PlyCount "127"]
[EventDate "2024.01.14"]
[SourceDate "2024.01.14"]
[WhiteTeam "Pulheimer SC 1"]
[BlackTeam "SV KS Leverkusen 1"]

1. e4 d6 2. d4 g6 3. Nc3 Bg7 4. f4 c5 5. Nf3 cxd4 6. Nxd4 Nc6 7. Nxc6 bxc6 8.
Bd3 Qb6 9. Qe2 Nf6 10. Qe3 Qc7 11. h3 O-O 12. O-O e5 13. fxe5 dxe5 14. b3 Be6
15. Na4 Nd7 16. Ba3 Rfe8 17. Rad1 Bf8 18. Bxf8 Rxf8 19. Qe2 Rad8 20. Kh1 Kg7
21. Qf2 f6 22. Nc5 Bg8 23. Be2 Nxc5 24. Qxc5 Be6 25. b4 Qf7 26. a4 Rc8 27. Rd6
Qe7 28. Rfd1 Rc7 29. Bc4 Bxc4 30. Qxc4 Qf7 31. Qc5 Qe7 32. a5 f5 33. exf5 Rxf5
34. Qc4 Rf6 35. Rd8 Qe6 36. Qxe6 Rxe6 37. R1d7+ Re7 {(=)} 38. Rxe7+ Rxe7 39.
Rc8 e4 40. Kg1 e3 41. Kf1 Re4 42. Rxc6 Rxb4 43. Rc7+ Kh6 44. Ke2 Rb5 45. a6 Rb6
46. Rxa7 Rc6 47. Kd3 Re6 48. Ke2 Rc6 49. c4 Rxc4 50. Kxe3 Rc2 51. Re7 Rxg2 52.
Kd4 Ra2 53. a7 g5 54. Kc5 Kg6 55. Kb5 Rb2+ 56. Kc6 Ra2 57. Kb7 Rb2+ 58. Kc7 Ra2
59. Kb8 h5 60. Re5 Rb2+ 61. Kc7 Ra2 62. Kb7 g4 63. hxg4 hxg4 64. a8=Q 1-0

[Event "SVM_Verbandsliga_Nord_2023-24"]
[Site "?"]
[Date "2024.01.14"]
[Round "5.3"]
[White "Schmitz, Andreas"]
[Black "Laschewski, Andreas"]
[Result "1-0"]
[WhiteElo "1883"]
[BlackElo "1910"]
[PlyCount "43"]
[EventDate "2024.01.14"]
[SourceDate "2024.01.14"]
[WhiteTeam "SV KS Leverkusen 1"]
[BlackTeam "Pulheimer SC 1"]

1. Nf3 d5 2. c4 dxc4 3. e4 Nf6 4. Nc3 c6 5. e5 Nd5 6. Bxc4 e6 7. O-O Be7 8. d4
Nxc3 9. bxc3 O-O 10. a4 b6 11. Re1 Ba6 12. Ba2 Nd7 13. Re4 Re8 14. h4 Nf8 15.
h5 c5 16. Rg4 Kh8 17. Ng5 Bxg5 18. Bxg5 f6 19. exf6 gxf6 20. Bh6 Re7 21. Qf3
Rf7 22. Qg3 1-0

[Event "SVM_Verbandsliga_Nord_2023-24"]
[Site "?"]
[Date "2024.01.14"]
[Round "5.4"]
[White "Nettekoven, Wolfgang"]
[Black "Blomeyer, Peter"]
[Result "0-1"]
[WhiteElo "1738"]
[BlackElo "1819"]
[PlyCount "83"]
[EventDate "2024.01.14"]
[SourceDate "2024.01.14"]
[WhiteTeam "Pulheimer SC 1"]
[BlackTeam "SV KS Leverkusen 1"]

1. e4 d6 2. d4 Nf6 3. Nc3 e5 4. dxe5 dxe5 5. Qxd8+ Kxd8 6. Bc4 Be6 7. Bxe6 fxe6
8. Nf3 Bd6 9. O-O Nc6 10. Be3 a6 11. Rad1 Ke7 12. a3 b5 13. b4 h6 14. Ne1 Ng4
15. Bc1 Nd4 16. f3 Nf6 17. f4 Nc6 18. Nd3 exf4 19. Nxf4 Ne5 20. Nd3 Nxd3 21.
cxd3 c5 22. bxc5 Bxc5+ 23. d4 Bb6 24. e5 Nd5 25. Nxd5+ exd5 26. Kh1 Rhf8 27.
Rxf8 Rxf8 28. Be3 Rc8 29. Rd3 Ke6 30. g4 Rc2 31. Bd2 Rc4 32. Bc3 a5 33. Kg2 b4
34. axb4 axb4 35. Bd2 Bxd4 36. Rb3 Bc3 37. Bxc3 bxc3 38. Rb1 Rxg4+ 39. Kf3 Rc4
40. Ke3 Kxe5 41. Kd3 c2 42. Re1+ 0-1

[Event "SVM_Verbandsliga_Nord_2023-24"]
[Site "?"]
[Date "2024.01.14"]
[Round "5.5"]
[White "Wirtz, Uwe"]
[Black "Hajek, Florian"]
[Result "0-1"]
[WhiteElo "1782"]
[BlackElo "1789"]
[PlyCount "130"]
[EventDate "2024.01.14"]
[SourceDate "2024.01.14"]
[WhiteTeam "SV KS Leverkusen 1"]
[BlackTeam "Pulheimer SC 1"]

1. e4 c6 2. d4 d5 3. e5 Bf5 4. Bd3 Bg6 5. f4 e6 6. Nf3 Nd7 7. c3 Qb6 8. Bxg6
hxg6 9. b3 Rc8 10. Be3 Nh6 11. Qe2 Nf5 12. Bf2 c5 13. O-O cxd4 14. Nxd4 Nxd4
15. cxd4 Bb4 16. a3 Be7 17. Nd2 O-O 18. b4 Rc3 19. Nf3 {(=)} Rfc8 20. Rfd1 Qc6
21. Be3 Qa4 22. Rdc1 Nb6 23. Qe1 Rxc1 24. Rxc1 Rxc1 25. Bxc1 Qb3 26. Qe3 Qxe3+
27. Bxe3 Nc4 28. Bc1 a5 29. bxa5 Nxa3 30. Bxa3 Bxa3 31. Nd2 Bc1 32. Nb3 Bxf4
33. g3 Bg5 34. Kf2 Bd8 35. Ke3 Kf8 36. Kd3 Ke8 37. Kc3 Kd7 38. Kb4 Kc6 39. Nd2
Be7+ 40. Ka4 Bg5 41. Nf3 Be3 42. g4 g5 43. Kb4 f6 44. h3 Bf4 45. exf6 gxf6 46.
h4 gxh4 47. Nxh4 Bd2+ 48. Ka4 Bc3 49. Nf3 e5 50. g5 fxg5 51. Nxe5+ Kc7 52. Kb5
Bxd4 53. Ng4 Kd6 54. a6 bxa6+ 55. Kxa6 Kc6 56. Ka5 Kc5 57. Ka4 Kc4 58. Ka3 Kc3
59. Ka2 Kc2 60. Ka3 Bc5+ 61. Ka2 Bg1 62. Ne5 d4 63. Nf3 Be3 64. Ne1+ Kd1 65.
Ng2 Ke2 0-1

[Event "SVM_Verbandsliga_Nord_2023-24"]
[Site "?"]
[Date "2024.01.14"]
[Round "5.6"]
[White "Strack, Luka"]
[Black "Robeck, Guido"]
[Result "1-0"]
[WhiteElo "1651"]
[BlackElo "1694"]
[PlyCount "173"]
[EventDate "2024.01.14"]
[SourceDate "2024.01.14"]
[WhiteTeam "Pulheimer SC 1"]
[BlackTeam "SV KS Leverkusen 1"]

1. e4 c5 2. c3 d6 3. Bc4 Nf6 4. d3 g6 5. Bg5 Bg7 6. Nf3 h6 7. Be3 O-O 8. h3 Nc6
9. Nbd2 a6 10. a3 b5 11. Ba2 Bb7 12. O-O a5 13. Nh4 Kh7 14. Qc2 Rc8 15. Rad1 e6
16. Nhf3 Ng8 17. Nh2 b4 18. f4 bxa3 19. bxa3 Ba6 20. Rb1 Qf6 21. Rb6 Nd4 22.
Bxd4 cxd4 23. Rxa6 dxc3 24. Ndf3 Qxf4 25. Rxa5 Qe3+ 26. Kh1 Qb6 27. Ra4 Qb2 28.
Rc1 Ne7 29. Ne1 f5 30. Nhf3 fxe4 31. dxe4 Rb8 32. Bxe6 Qb5 33. Bc4 Qc6 34. Nd3
Rfc8 35. Be6 Rc7 36. Rc4 Qb6 37. Rxc7 Qxc7 38. Nb4 Qa7 39. Qa2 Qe3 40. Re1 Qa7
41. Bb3 Qb6 42. Rb1 Qa7 43. Rf1 Rf8 44. a4 Qa5 45. Qa3 Rb8 46. Nc2 Qb6 47. Rb1
Qc7 48. Ncd4 Nc6 49. Nb5 Qe7 50. Nxd6 Bf8 51. Rd1 Rd8 52. Kg1 Rxd6 53. Rxd6
Qxd6 54. Qxd6 Bxd6 55. Kf2 Kg7 56. Ke2 Kf6 57. Kd3 Be5 58. Bd5 Na5 59. Ne1 Ke7
60. Nf3 Bg7 61. e5 Kd7 62. Kxc3 Bf8 63. Kd4 Be7 64. Nd2 Kc7 65. Nc4 Nb3+ 66.
Ke3 Nc5 67. Nb2 Nd7 68. Kd4 Bb4 69. Nd3 Ba5 70. Bb3 g5 71. Ke4 Bb6 72. Kf5 Nc5
73. Nxc5 Bxc5 74. Kg6 Be3 75. Kxh6 Bf4 76. e6 Kd6 77. Kg6 Ke7 78. Kf5 Be3 79.
Kg4 Bd2 80. h4 Kf6 81. g3 gxh4 82. gxh4 Be3 83. a5 Bf2 84. a6 Be3 85. h5 Bc5
86. h6 Be3 87. h7 1-0

[Event "SVM_Verbandsliga_Nord_2023-24"]
[Site "?"]
[Date "2024.01.14"]
[Round "5.7"]
[White "Asadzade, Muhammed"]
[Black "Kasperowicz, Thomas"]
[Result "1/2-1/2"]
[WhiteElo "1524"]
[BlackElo "1586"]
[PlyCount "71"]
[EventDate "2024.01.14"]
[SourceDate "2024.01.14"]
[WhiteTeam "SV KS Leverkusen 1"]
[BlackTeam "Pulheimer SC 1"]

1. d4 d5 2. c4 e6 3. Nc3 Nf6 4. Nf3 c6 5. e3 Nbd7 6. Bd3 dxc4 7. Bxc4 b5 8. Bd3
Bb7 9. O-O a6 10. Qc2 c5 11. Be4 Nxe4 12. Nxe4 cxd4 13. Nxd4 Rc8 14. Qb1 Nf6
15. Nxf6+ Qxf6 16. a3 Bd6 17. Re1 O-O 18. Ne2 Qe5 19. Ng3 Qc5 20. e4 Qc2 21.
Qxc2 Rxc2 22. e5 Bb8 23. Rb1 Rfc8 24. Nf1 Bxe5 25. Rxe5 Rxc1 26. Rxc1 Rxc1 27.
f3 Rc2 28. b4 Kf8 29. Re3 Bd5 30. Ng3 Bc4 31. Ne4 f5 32. Nc5 Rc1+ 33. Kf2 f4
34. Nxe6+ Bxe6 35. Rxe6 Rc2+ 36. Kf1 {(=)} 1/2-1/2

[Event "SVM_Verbandsliga_Nord_2023-24"]
[Site "?"]
[Date "2024.01.14"]
[Round "5.8"]
[White "Brand, Christopher"]
[Black "Granz, Thomas"]
[Result "1/2-1/2"]
[WhiteElo "1421"]
[BlackElo "1738"]
[PlyCount "117"]
[EventDate "2024.01.14"]
[SourceDate "2024.01.14"]
[WhiteTeam "Pulheimer SC 1"]
[BlackTeam "SV KS Leverkusen 1"]

1. Nf3 e6 2. c4 d5 3. d4 Nf6 4. g3 Be7 5. Bg2 O-O 6. O-O c5 7. Qc2 Nc6 8. e3
Nb4 9. Qe2 dxc4 10. Na3 b5 11. Nxb5 Ba6 12. Nc3 Rb8 13. Rd1 Qb6 14. Ne5 Nd3 15.
dxc5 Qxc5 16. Nxd3 cxd3 17. Qd2 Rfd8 18. b3 Rbc8 19. Bb2 Qh5 20. Rac1 Ng4 21.
h3 Ne5 22. g4 Qg6 23. Na4 Nxg4 24. hxg4 Qxg4 25. e4 Bg5 26. Rxc8 Rxc8 27. f3
Qg3 28. Qf2 Qxf2+ 29. Kxf2 Rc2+ 30. Kg3 h5 31. Bf1 Rd2 32. Rxd2 Bxd2 33. Bc3
Be3 34. Nb2 h4+ 35. Kxh4 g5+ 36. Kg4 f5+ 37. exf5 exf5+ 38. Kh5 Bb7 39. Nxd3
Bxf3+ 40. Kg6 Be4 41. Be5 g4 42. Kh5 Kf7 43. Kh4 Ke6 44. Bb8 Kf6 45. Kg3 a6 46.
Nf4 a5 47. Bd3 Bf3 48. Ng2 Bd2 49. Bf4 Bb4 50. Be3 Ke5 51. Nh4 Be1+ 52. Bf2 f4+
53. Kh2 Bxf2 54. Nxf3+ gxf3 55. Kh3 Kd4 56. Bc4 Be3 57. Kg4 f2 58. Kf3 Kc3 59.
Kg2 {(=)} 1/2-1/2

[Event "SVM_Verbandsliga_Nord_2023-24"]
[Site "?"]
[Date "2024.01.14"]
[Round "5.1"]
[White "Loeschcke, Christian"]
[Black "Orentlikher, Mikhail"]
[Result "0-1"]
[WhiteElo "1928"]
[BlackElo "2009"]
[PlyCount "72"]
[EventDate "2024.01.14"]
[SourceDate "2024.01.14"]
[WhiteTeam "Lasker Köln 3"]
[BlackTeam "Ford SF Köln 1"]

1. e4 g6 2. d4 Bg7 3. Nf3 d6 4. Nc3 Nf6 5. Be2 O-O 6. Bg5 h6 7. Bh4 c6 8. h3
Qa5 9. O-O Nbd7 10. Nd2 b5 11. a4 b4 12. Ncb1 Qc7 13. f4 c5 14. e5 Nd5 15. Bf3
Ne3 16. Qe2 Nxf1 17. Qxf1 Rb8 18. Bxe7 Nxe5 19. Bxf8 Nxf3+ 20. Nxf3 Kxf8 21.
Nbd2 cxd4 22. Qc4 Qc5 23. Re1 Be6 24. Qxc5 dxc5 25. Ne5 Rc8 26. Nec4 Rc7 27. b3
h5 28. Kf2 Bh6 29. Kg3 h4+ 30. Kxh4 Bxf4 31. Ne4 Bxc4 32. bxc4 Re7 33. g3 Bh6
34. g4 Be3 35. Ng3 Bg5+ 36. Kxg5 Rxe1 0-1

[Event "SVM_Verbandsliga_Nord_2023-24"]
[Site "?"]
[Date "2024.01.14"]
[Round "5.2"]
[White "Reichelt, Frank"]
[Black "Pericic, Boris"]
[Result "0-1"]
[WhiteElo "1964"]
[BlackElo "1821"]
[PlyCount "150"]
[EventDate "2024.01.14"]
[SourceDate "2024.01.14"]
[WhiteTeam "Ford SF Köln 1"]
[BlackTeam "Lasker Köln 3"]

1. d4 Nf6 2. Bf4 d5 3. e3 c6 4. c3 e6 5. Bd3 Bd6 6. Bg3 Qc7 7. Bxd6 Qxd6 8. f4
Nbd7 9. Nf3 b6 10. Nbd2 Bb7 11. Qe2 a5 12. Ne5 g6 13. O-O Ke7 14. Rae1 c5 15.
Qf3 Rag8 16. a3 Rg7 17. g4 Kd8 18. g5 Nh5 19. Ng4 f5 20. Nh6 Re7 21. Qe2 Rf8
22. Bb5 Nb8 23. Nf3 Nc6 24. Bd3 {(=)} Kc7 25. Rd1 Kb8 26. Qd2 c4 27. Be2 Ng7
28. a4 Ne8 29. Rb1 Ka7 30. b3 Ba6 31. Qb2 Rb7 32. Rfe1 Nc7 33. b4 axb4 34. cxb4
b5 35. a5 Ne8 36. Ne5 Nxe5 37. dxe5 Qe7 38. Qd4+ Ka8 39. Bf3 Nc7 40. Red1 Kb8
41. Kf2 Kc8 42. h4 Rd8 43. h5 Kd7 44. hxg6 hxg6 45. Rh1 Kc8 46. Ke2 Rb8 47.
Rhd1 Bb7 48. Kd2 Ra8 49. Kc3 Ra6 50. Rd2 Rc6 51. Rdb2 Na6 52. Bg2 Rc7 53. Qb6
Qd7 54. Rd1 Qc6 55. Qxc6 Bxc6 56. Rbd2 Rg7 57. e4 Nc7 58. exf5 gxf5 59. Rd4 Rf8
60. R4d2 d4+ 61. Kxd4 Bxg2 62. Kc5 Bf3 63. Ra1 Bd5 64. a6 Kb8 65. Kb6 Na8+ 66.
Kxb5 Ka7 67. Ka5 Nb6 68. b5 Rc8 69. Kb4 c3 70. Rd4 c2 71. Rc1 Rgc7 72. Ka3 Rc3+
73. Kb2 Rb3+ 74. Ka1 Ra3+ 75. Kb2 Ra2# 0-1

[Event "SVM_Verbandsliga_Nord_2023-24"]
[Site "?"]
[Date "2024.01.14"]
[Round "5.3"]
[White "Hüllen, Rene"]
[Black "Fokken, Achim"]
[Result "0-1"]
[WhiteElo "1981"]
[BlackElo "1878"]
[PlyCount "158"]
[EventDate "2024.01.14"]
[SourceDate "2024.01.14"]
[WhiteTeam "Lasker Köln 3"]
[BlackTeam "Ford SF Köln 1"]

1. d4 Nf6 2. e3 d5 3. Bd3 c5 4. b3 cxd4 5. exd4 Nc6 6. Bb2 Bg4 7. f3 Bh5 8. a3
e6 9. Ne2 Bd6 10. Nd2 Bg6 11. Nf1 e5 12. dxe5 Bxe5 13. Bxe5 Nxe5 14. Bxg6 Nxg6
15. Nfg3 O-O 16. O-O Rc8 17. Nd4 Re8 18. Qd2 Qb6 19. Rad1 a6 20. Rf2 Re5 21.
Re2 Rxe2 22. Ngxe2 h6 23. Kf1 Qd6 24. g3 Qxa3 25. Nf5 Qc5 26. Ned4 Qc3 27. Kf2
Qxd2+ 28. Rxd2 Kf8 29. Re2 Rd8 30. Re3 Ne8 31. Rc3 Ne7 32. Ne3 g6 33. h3 Rd7
34. h4 Rc7 35. Rd3 h5 36. Ne2 Nf6 37. Nf4 Rd7 38. Ne2 Nc6 39. Nd4 Nxd4 40. Rxd4
Ke7 41. Ke2 Ke6 42. Ng2 Kd6 43. Nf4 Kc5 44. c3 Re7+ 45. Kd2 a5 46. b4+ axb4 47.
Nd3+ Kd6 48. Rxb4 Kc6 49. Rf4 Nd7 50. Nb4+ Kd6 51. Rd4 Nb6 52. Nc2 Nc4+ 53. Kc1
Re5 54. Rf4 f5 55. Rd4 Kc5 56. Nb4 Re1+ 57. Kc2 Ne3+ 58. Kb3 Rb1+ 59. Ka2 Rd1
60. Nd3+ Kd6 61. Nf4 Rxd4 62. cxd4 Nc2 63. Ne2 Ne1 64. f4 Kc6 65. Kb3 Nf3 66.
Kc3 b5 67. Kb4 Kb6 68. Nc3 Nxd4 69. Nxd5+ Kc6 70. Ne7+ Kd6 71. Nxg6 Ne2 72.
Kxb5 Kd5 73. Kb4 Ke4 74. Kb3 Nxg3 75. Kc2 Ne2 76. Kd2 Nxf4 77. Ne7 Ng2 78. Ng6
Kf3 79. Kd3 Nf4+ 0-1

[Event "SVM_Verbandsliga_Nord_2023-24"]
[Site "?"]
[Date "2024.01.14"]
[Round "5.4"]
[White "Müller, Martin"]
[Black "Vieira, Daniel"]
[Result "1-0"]
[WhiteElo "1823"]
[BlackElo "1813"]
[PlyCount "81"]
[EventDate "2024.01.14"]
[SourceDate "2024.01.14"]
[WhiteTeam "Ford SF Köln 1"]
[BlackTeam "Lasker Köln 3"]

1. c4 c5 2. g3 g6 3. Bg2 Bg7 4. Nc3 Nc6 5. Nf3 e6 6. e3 Nge7 7. d4 cxd4 8. Nxd4
d5 9. cxd5 exd5 10. Nce2 O-O 11. h3 Re8 12. O-O Bd7 13. b3 Nxd4 14. Nxd4 Bb5
15. Re1 Nf5 16. Bb2 Qa5 17. Bxd5 Rad8 18. Bxb7 Rd7 19. Bg2 Red8 20. Qc2 Nxd4
21. Bxd4 Bxd4 22. exd4 Rxd4 23. Qc5 Qa6 24. a4 Be2 25. Rac1 Rd2 26. Qe7 R8d7
27. Qe8+ Kg7 28. Qe5+ f6 29. Qe8 Rf7 30. Rc8 Rd1 31. Rxd1 Bxd1 32. Bd5 Kh6 33.
Bxf7 Qb7 34. Qf8+ Kh5 35. Qc5+ f5 36. Bd5 Qg7 37. Qe3 Qa1 38. Rc1 f4 39. Qxf4
g5 40. g4+ Kh6 41. Qd6+ 1-0

[Event "SVM_Verbandsliga_Nord_2023-24"]
[Site "?"]
[Date "2024.01.14"]
[Round "5.6"]
[White "Karim, Mohammed"]
[Black "Kröger, Sven"]
[Result "1/2-1/2"]
[WhiteElo "1712"]
[BlackElo "1601"]
[PlyCount "39"]
[EventDate "2024.01.14"]
[SourceDate "2024.01.14"]
[WhiteTeam "Ford SF Köln 1"]
[BlackTeam "Lasker Köln 3"]

1. e4 d6 2. d4 Nd7 3. Nf3 e5 4. Nc3 Ngf6 5. Bb5 c6 6. dxe5 dxe5 7. Bc4 Be7 8.
O-O O-O 9. a3 Qc7 10. Qe2 b5 11. Ba2 h6 12. Rd1 Nc5 13. b4 Ne6 14. Bb2 Nf4 15.
Qf1 Bg4 16. Nxb5 cxb5 17. Bxe5 Ne2+ 18. Kh1 Qxc2 19. Rd2 Qxe4 20. Rxe2 {(=)}
1/2-1/2

[Event "SVM_Verbandsliga_Nord_2023-24"]
[Site "?"]
[Date "2024.01.14"]
[Round "5.7"]
[White "Werthmann, Martin-Lorenz"]
[Black "Sommer, Stefan"]
[Result "1/2-1/2"]
[WhiteElo "1551"]
[BlackElo "1574"]
[PlyCount "42"]
[EventDate "2024.01.14"]
[SourceDate "2024.01.14"]
[WhiteTeam "Lasker Köln 3"]
[BlackTeam "Ford SF Köln 1"]

1. e4 c5 2. Nc3 Nc6 3. f4 d6 4. Nf3 g6 5. Bc4 Bg7 6. O-O e6 7. a3 Nge7 8. Ba2
O-O 9. d3 a6 10. Ne2 b5 11. c3 a5 12. Ng3 b4 13. Bd2 a4 14. Rc1 bxa3 15. bxa3
Rb8 16. Qxa4 Bd7 17. Qc2 Qc7 18. Ng5 Qc8 19. Rb1 h6 20. Rxb8 Nxb8 21. Nf3 Qa6 {
(=)} 1/2-1/2

[Event "SVM_Verbandsliga_Nord_2023-24"]
[Site "?"]
[Date "2024.01.14"]
[Round "5.8"]
[White "Ziskoven, Guido"]
[Black "Meiländer, Lars"]
[Result "1/2-1/2"]
[WhiteElo "1875"]
[BlackElo "1602"]
[PlyCount "50"]
[EventDate "2024.01.14"]
[SourceDate "2024.01.14"]
[WhiteTeam "Ford SF Köln 1"]
[BlackTeam "Lasker Köln 3"]

1. d4 d5 2. c4 c6 3. Nf3 Nf6 4. Nc3 dxc4 5. a4 Bf5 6. Ne5 e6 7. Bg5 Bb4 8. Nxc4
h6 9. Bxf6 Qxf6 10. e3 Nd7 11. Be2 Qg6 12. O-O h5 13. Qb3 a5 14. e4 Bh3 15. Ne3
f5 16. exf5 exf5 17. Rfe1 f4 18. Bf1 O-O-O 19. Nc2 f3 20. g3 Bxf1 21. Kxf1 Qg4
22. Qe6 Rde8 23. Qxg4 Rxe1+ 24. Rxe1 hxg4 25. Kg1 Nb6 {(=)} 1/2-1/2

[Event "SVM_Verbandsliga_Nord_2023-24"]
[Site "?"]
[Date "2024.01.14"]
[Round "5.1"]
[White "Kersten, Alexander"]
[Black "Wieferig, Wolfgang"]
[Result "0-1"]
[WhiteElo "1929"]
[BlackElo "2141"]
[PlyCount "98"]
[EventDate "2024.01.14"]
[SourceDate "2024.01.14"]
[WhiteTeam "BSG Rheinpark 1"]
[BlackTeam "Schachuzipus 1"]

1. c4 e5 2. d3 d6 3. Nc3 Be6 4. g3 c6 5. Bg2 Nd7 6. e4 Qc7 7. Nge2 g6 8. h3 f5
9. b3 Bg7 10. d4 fxe4 11. d5 cxd5 12. Nxd5 Bxd5 13. Qxd5 Nc5 14. O-O Nf6 15.
Qd2 O-O 16. Nc3 Rad8 17. Nd5 Nxd5 18. cxd5 a5 19. Ba3 b6 20. b4 axb4 21. Bxb4
Qd7 22. Kh2 Qa4 23. Rae1 Bh6 24. Qxh6 Qxb4 25. Rd1 Ra8 26. Rd2 Ra3 27. h4 Rf5
28. Re2 Qc4 29. Qd2 Rd3 30. Qb2 Rxd5 31. Rc1 Qd4 32. Rxc5 Rxc5 33. Bxe4 Qxb2
34. Rxb2 Rf6 35. Rd2 Kf8 36. Bd5 Ke7 37. Kg2 Rf8 38. Kf1 b5 39. Ke2 Rfc8 40.
Bb3 Kd7 41. Kf3 Kc6 42. Ke4 Rf8 43. Be6 Ra8 44. Bb3 Rc4+ 45. Ke3 d5 46. Rd1 Rf8
47. Bxc4 bxc4 48. Rb1 d4+ 49. Ke2 Rd8 0-1

[Event "SVM_Verbandsliga_Nord_2023-24"]
[Site "?"]
[Date "2024.01.14"]
[Round "5.2"]
[White "Schläfer, Roland"]
[Black "Marcks, Martin"]
[Result "1/2-1/2"]
[WhiteElo "1950"]
[BlackElo "1979"]
[PlyCount "39"]
[EventDate "2024.01.14"]
[SourceDate "2024.01.14"]
[WhiteTeam "Schachuzipus 1"]
[BlackTeam "BSG Rheinpark 1"]

1. Nf3 c5 2. c4 Nf6 3. Nc3 g6 4. d4 cxd4 5. Nxd4 Bg7 6. e4 O-O 7. Be2 d6 8. Be3
Nc6 9. Nc2 Be6 10. f3 Na5 11. b3 Rc8 12. Nd4 Bd7 13. Qd2 a6 14. Rc1 Nc6 15. O-O
Nxd4 16. Bxd4 Bc6 17. Rfd1 Re8 18. Nd5 Bxd5 19. cxd5 Qd7 20. Rxc8 {(=)} 1/2-1/2

[Event "SVM_Verbandsliga_Nord_2023-24"]
[Site "?"]
[Date "2024.01.14"]
[Round "5.3"]
[White "Lattermann, Stefan"]
[Black "Wippich, Jürgen"]
[Result "1/2-1/2"]
[WhiteElo "1968"]
[BlackElo "1710"]
[PlyCount "80"]
[EventDate "2024.01.14"]
[SourceDate "2024.01.14"]
[WhiteTeam "BSG Rheinpark 1"]
[BlackTeam "Schachuzipus 1"]

1. e4 d5 2. exd5 Nf6 3. Bb5+ Bd7 4. Bc4 Bg4 5. Nf3 Nxd5 6. Nc3 e6 7. d4 Bb4 8.
Bd2 c6 9. O-O O-O 10. h3 Bh5 11. Be2 Nd7 12. Ne4 Bxd2 13. Qxd2 Bg6 14. Nd6 Qc7
15. Nc4 Rad8 16. Nce5 Ne7 17. Rad1 c5 18. Qf4 Nd5 19. Qd2 cxd4 20. Nxd7 Rxd7
21. Qxd4 Qxc2 22. Rd2 Qe4 23. Qxa7 Rfd8 24. Bb5 Rc7 25. Rd4 Qc2 26. Qa5 h6 27.
Rc4 b6 28. Rxc2 bxa5 29. Rd2 Rb8 30. a4 Nb4 31. Rfd1 Nd5 32. Ne5 Bc2 33. Rc1
Rbc8 34. Re1 Bb3 35. Nf3 Rc2 36. Red1 Rxb2 37. Rxb2 Bxd1 38. Nd4 Rc1 39. Kh2
Bxa4 40. Bxa4 Rc4 {(=)} 1/2-1/2

[Event "SVM_Verbandsliga_Nord_2023-24"]
[Site "?"]
[Date "2024.01.14"]
[Round "5.4"]
[White "Leistenschneider, Jürgen"]
[Black "Dizdarevic, Alen"]
[Result "1-0"]
[WhiteElo "1980"]
[BlackElo "1771"]
[PlyCount "73"]
[EventDate "2024.01.14"]
[SourceDate "2024.01.14"]
[WhiteTeam "Schachuzipus 1"]
[BlackTeam "BSG Rheinpark 1"]

1. d4 Nf6 2. Nf3 g6 3. Bf4 Bg7 4. e3 O-O 5. Nbd2 d6 6. Bc4 c6 7. a4 Nbd7 8. c3
Nb6 9. Bb3 Nbd5 10. Bg3 Nc7 11. Qe2 Be6 12. Bc2 Bg4 13. h3 Bxf3 14. Nxf3 Nd7
15. O-O a5 16. Rfd1 Qe8 17. Rd2 Rc8 18. e4 Bh6 19. Rdd1 Ne6 20. e5 d5 21. Nh2
Nc7 22. h4 e6 23. h5 c5 24. Ng4 Bg5 25. f4 Be7 26. Rac1 cxd4 27. cxd4 Na6 28.
Bd3 Nb4 29. Bb5 Nc6 30. Bf2 Kh8 31. Rc3 g5 32. fxg5 Bxg5 33. Be3 Qe7 34. Rf1
Rg8 35. Bxc6 bxc6 36. Nh6 Rg7 37. Bxg5 1-0

[Event "SVM_Verbandsliga_Nord_2023-24"]
[Site "?"]
[Date "2024.01.14"]
[Round "5.5"]
[White "Greb, Michael"]
[Black "Krämer, Delef"]
[Result "0-1"]
[WhiteElo "1702"]
[BlackElo "1831"]
[PlyCount "78"]
[EventDate "2024.01.14"]
[SourceDate "2024.01.14"]
[WhiteTeam "BSG Rheinpark 1"]
[BlackTeam "Schachuzipus 1"]

1. e4 e6 2. d4 d5 3. Nc3 Bb4 4. Bd3 dxe4 5. Bxe4 Nf6 6. Bg5 c5 7. Qf3 Qxd4 8.
Bxf6 Qxf6 9. Qxf6 gxf6 10. Nge2 Nd7 11. O-O f5 12. Bd3 a6 13. a3 Ba5 14. f4 b5
15. Ng3 Bb7 16. Rfd1 Bc7 17. Nh5 Rg8 18. Bf1 Rg6 19. Rd3 O-O-O 20. Ne2 Be4 21.
Rd2 Nb6 22. Rxd8+ Bxd8 23. Nhg3 Bb7 24. b3 Nd5 25. Kf2 Bc7 26. c4 bxc4 27. bxc4
Nxf4 28. Nxf4 Bxf4 29. Be2 Be5 30. Rd1 Bd4+ 31. Ke1 f4 32. Nf1 Rxg2 33. Rd3 e5
34. Bf3 Bxf3 35. Rxf3 Kd7 36. Rh3 Ke6 37. Rxh7 Bc3+ 38. Kd1 Rf2 39. Rh6+ f6 0-1